MARC details
| 000 -LEADER |
| fixed length control field |
03643cgm a2200769Ii 4500 |
| 001 - CONTROL NUMBER |
| control field |
on1184059538 |
| 003 - CONTROL NUMBER IDENTIFIER |
| control field |
OCoLC |
| 005 - DATE AND TIME OF LATEST TRANSACTION |
| control field |
20211008132125.0 |
| 007 - PHYSICAL DESCRIPTION FIXED FIELD--GENERAL INFORMATION |
| fixed length control field |
vd cvaizq |
| 008 - FIXED-LENGTH DATA ELEMENTS--GENERAL INFORMATION |
| fixed length control field |
200817p20202018cau294 e vleng d |
| 040 ## - CATALOGING SOURCE |
| Original cataloging agency |
TEFMT |
| Language of cataloging |
eng |
| Description conventions |
rda |
| Transcribing agency |
TEFMT |
| Modifying agency |
TEF |
| -- |
OCLCF |
| -- |
GL4 |
| -- |
IZ8 |
| -- |
SDG |
| -- |
TOH |
| -- |
OCL |
| -- |
OCLCO |
| -- |
WACOL |
| 019 ## - |
| -- |
1223542156 |
| 024 1# - OTHER STANDARD IDENTIFIER |
| Standard number or code |
014381129878 |
| 028 42 - PUBLISHER NUMBER |
| Publisher number |
AMC12987DVD |
| Source |
AMC Studios |
| 035 ## - SYSTEM CONTROL NUMBER |
| System control number |
(OCoLC)1184059538 |
| Canceled/invalid control number |
(OCoLC)1223542156 |
| 037 ## - SOURCE OF ACQUISITION |
| Source of stock number/acquisition |
Midwest Tape |
| Note |
http://www.midwesttapes.com |
| 041 1# - LANGUAGE CODE |
| Language code of text/sound track or separate title |
eng |
| -- |
eng |
| Language code of original and/or intermediate translations of text |
eng |
| 050 #4 - LIBRARY OF CONGRESS CALL NUMBER |
| Classification number |
PN1995.9.H6 |
| Item number |
.E55 2020 |
| 082 04 - DEWEY DECIMAL CLASSIFICATION NUMBER |
| Classification number |
791.43/6164 |
| Edition number |
23 |
| 092 ## - LOCALLY ASSIGNED DEWEY CALL NUMBER (OCLC) |
| Classification number |
DVD |
| Item number |
791 |
| 049 ## - LOCAL HOLDINGS (OCLC) |
| Holding library |
WACL |
| 245 00 - TITLE STATEMENT |
| Title |
Eli Roth's history of horror. |
| Number of part/section of a work |
Season 1. |
| 246 3# - VARYING FORM OF TITLE |
| Title proper/short title |
Eli Roth's history of horror. |
| Number of part/section of a work |
Season one |
| 246 3# - VARYING FORM OF TITLE |
| Title proper/short title |
Eli Roth's history of horror. |
| Number of part/section of a work |
First season |
| 246 3# - VARYING FORM OF TITLE |
| Title proper/short title |
Eli Roth's history of horror. |
| Number of part/section of a work |
1st season |
| 246 3# - VARYING FORM OF TITLE |
| Title proper/short title |
History of horror |
| 264 #1 - Production, Publication, Distribution, Manufacture, and Copyright Notice. |
| Place of production, publication, distribution, manufacture |
Chatsworth, CA : |
| Name of producer, publisher, distributor, manufacturer |
Image Entertainment, |
| Date of production, publication, distribution, manufacture, or copyr |
[2020] |
| 264 #4 - Production, Publication, Distribution, Manufacture, and Copyright Notice. |
| Date of production, publication, distribution, manufacture, or copyr |
�2020 |
| 300 ## - PHYSICAL DESCRIPTION |
| Extent |
2 videodiscs (4 hr., 54 min.) : |
| Other physical details |
sound, color ; |
| Dimensions |
4 3/4 in. |
| 336 ## - Content Type |
| Content type term |
two-dimensional moving image |
| 337 ## - Media type |
| Media type term |
video |
| 338 ## - Carrier type |
| Carrier type term |
videodisc |
| 344 ## - |
| -- |
digital |
| -- |
rdatr |
| 344 ## - |
| -- |
optical |
| -- |
rdarm |
| 344 ## - |
| -- |
Dolby Digitall 2.0 |
| 347 ## - |
| -- |
video file |
| -- |
rdaft |
| 347 ## - |
| -- |
DVD video |
| 380 ## - |
| -- |
Documentary television programs |
| -- |
lcgft |
| 538 ## - SYSTEM DETAILS NOTE |
| System details note |
DVD, wide screen; NTSC; Dolby Digital 2.0. |
| 546 ## - LANGUAGE NOTE |
| Language note |
English dialogue; English subtitles for the deaf and hard of hearing (SDH). |
| 500 ## - GENERAL NOTE |
| General note |
Title from disc surface. |
| 511 1# - PARTICIPANT OR PERFORMER NOTE |
| Participant or performer note |
Eli Roth, Stephen King, Quentin Tarantino, Rob Zombie. |
| 500 ## - GENERAL NOTE |
| General note |
Wide screen (1.78:1). |
| 500 ## - GENERAL NOTE |
| General note |
Originally broadcast as individual episodes in 2018. |
| 521 8# - TARGET AUDIENCE NOTE |
| Target audience note |
Not rated. |
| 520 ## - SUMMARY, ETC. |
| Summary, etc |
Award-winning horror film director, writer, producer, and actor Eli Roth brings together the masters of horror, the storytellers, and stars who define the genre, to explore its biggest themes and reveal the inspirations and struggles behind its past and present. Each one-hour episode will take viewers on a chilling exploration of how horror has evolved through the years and examine the genre's impact on society as well as delving into how horror maintains its fan base. |
| 505 0# - FORMATTED CONTENTS NOTE |
| Formatted contents note |
Disc 1: Episodes 1-4 -- Disc 2: Episodes 5-7. |
| 508 ## - CREATION/PRODUCTION CREDITS NOTE |
| Creation/production credits note |
Series directed and written by Kurt Sayenga ; director, Eli Roth ; series cineatography by Bret Curry ; series music by Joseph Bishara. |
| 521 ## - TARGET AUDIENCE NOTE |
| Target audience note |
DVD |
| Source |
Amazon |
| 650 #0 - SUBJECT ADDED ENTRY--TOPICAL TERM |
| Topical term or geographic name as entry element |
Horror films |
| General subdivision |
History. |
| 9 (RLIN) |
6428823 |
| 650 #0 - SUBJECT ADDED ENTRY--TOPICAL TERM |
| Topical term or geographic name as entry element |
Horror tales |
| General subdivision |
History. |
| 9 (RLIN) |
6428824 |
| 650 #7 - SUBJECT ADDED ENTRY--TOPICAL TERM |
| Topical term or geographic name as entry element |
Horror films. |
| Source of heading or term |
fast |
| -- |
(OCoLC)fst00960370 |
| 650 #7 - SUBJECT ADDED ENTRY--TOPICAL TERM |
| Topical term or geographic name as entry element |
Horror tales. |
| Source of heading or term |
fast |
| -- |
(OCoLC)fst00960387 |
| 655 #7 - INDEX TERM--GENRE/FORM |
| Genre/form data or focus term |
Nonfiction television programs. |
| Source of term |
fast |
| -- |
(OCoLC)fst01710270 |
| 9 (RLIN) |
5674022 |
| 655 #7 - INDEX TERM--GENRE/FORM |
| Genre/form data or focus term |
Documentary television programs. |
| Source of term |
fast |
| -- |
(OCoLC)fst01710387 |
| 655 #7 - INDEX TERM--GENRE/FORM |
| Genre/form data or focus term |
History. |
| Source of term |
fast |
| -- |
(OCoLC)fst01411628 |
| 9 (RLIN) |
5675940 |
| 655 #7 - INDEX TERM--GENRE/FORM |
| Genre/form data or focus term |
Video recordings for the hearing impaired. |
| Source of term |
fast |
| -- |
(OCoLC)fst01710450 |
| 655 #7 - INDEX TERM--GENRE/FORM |
| Genre/form data or focus term |
Documentary television programs. |
| Source of term |
lcgft |
| 9 (RLIN) |
6429782 |
| 655 #7 - INDEX TERM--GENRE/FORM |
| Genre/form data or focus term |
Nonfiction television programs. |
| Source of term |
lcgft |
| 9 (RLIN) |
5674022 |
| 655 #7 - INDEX TERM--GENRE/FORM |
| Genre/form data or focus term |
Video recordings for the hearing impaired. |
| Source of term |
lcgft |
| 9 (RLIN) |
6429783 |
| 700 1# - ADDED ENTRY--PERSONAL NAME |
| Personal name |
Roth, Eli, |
| Dates associated with a name |
1972- |
| Relator term |
film director, |
| -- |
on-screen participant. |
| 9 (RLIN) |
5854746 |
| 700 1# - ADDED ENTRY--PERSONAL NAME |
| Personal name |
King, Stephen, |
| Dates associated with a name |
1947- |
| Relator term |
on-screen participant. |
| 700 1# - ADDED ENTRY--PERSONAL NAME |
| Personal name |
Tarantino, Quentin, |
| Relator term |
on-screen participant. |
| 9 (RLIN) |
41993 |
| 700 1# - ADDED ENTRY--PERSONAL NAME |
| Personal name |
Zombie, Rob, |
| Dates associated with a name |
1965- |
| Relator term |
on-screen participant. |
| 9 (RLIN) |
6428827 |
| 710 2# - ADDED ENTRY--CORPORATE NAME |
| Corporate name or jurisdiction name as entry element |
Image Entertainment (Firm), |
| Relator term |
publisher. |
| 9 (RLIN) |
61178 |
| 994 ## - |
| -- |
C0 |
| -- |
WACOL |